South Park impossible - Statistics

General Stats
  • This quiz has been taken 170 times
  • The average score is 12 of 15
Answer Stats
Question Answer % Correct
Oh my god, they killed Kenny! You bastards!
100%
Where is South Park? Colorado
100%
Who's line was Amples parking day or night, people shouting howdy neighbor! Eric
100%
Pick the most apropriate answer Eric is... fat
100%
My favorite color (clue: green) green
100%
Which pair created South Park? Matt Trey
100%
Bombs are flying- -people are dying
100%
The sun is shining and the grass is green- -under the three feet of snow I mean
100%
Who's Stan's girlfreind? Wendy
100%
1+1= 2.0
50%
Respect my- authoritah
50%
First time Eric's dad appeared in South Park. (He was sitting at a dinner table with Eric's mom and sister) Pilot episode
50%
Who ate their own parents? Scott
50%
How Eric says "school" skewl
50%
Which song is NOT in Mr Hankey's Christmas classic? Winter wonderland
0%
No matching quizzes found
Score Distribution
Percent of People with Each Score
Percentile by Number Answered
Your Score History
You have not taken this quiz